000 01215nam a2200241Ii 4500
003 JO-AjNU
005 20240626102639.0
008 230605s9999||||xx |||||||||||||| ||und||
040 _aJO-AjNU
_bara
_erda
_cJO-AjNU
041 _aara
050 1 4 _aHG3261 2019
100 1 _aالشويات، حنان
_eمعد
_965680
245 0 0 _aمدى تطبيق نظرية الظروف الطارئة على عدد من صيغ التمويل في المصارف الاسلامية الاردنية = The Extent of Applying The Emergency Circumstance Theory to a number of Financing Formulas in Jordanian Islamic Bank,s /
_cاعداد حنان الشويات؛ اشراف فخري ابو صفية
264 3 1 _a2019
300 _a85 ورقة
336 _atext
_btxt
_2rdacontent
337 _aunmediated
_bn
_2rdamedia
338 _avolume
_bnc
_2rdacarrier
500 _aرسالة جامعية ( اطروحة ماجستير) جامعة عجلون الوطنية: كلية ادارة الاعمال ، المصارف الاسلامية، 2019
650 4 _aالتمويل-الظروف الطارئة- المصارف الاسلامية
_958893
700 1 _aأبو صفية، فخري
_965588
_eمشرف
942 _2lcc
_cTHS
999 _c30042
_d30042